LEADER 00984nas 2200373 c 450 001 9910291237803321 005 20260218113000.0 035 $a(DE-599)ZDB2691453-0 035 $a(OCoLC)1368523542 035 $a(DE-101)1027950167 035 $a(CKB)3790000000116467 035 $a(DE-599)2691453-0 035 $a(EXLCZ)993790000000116467 100 $a20121119a19759999 |y | 101 0 $aita 135 $aur||||||||||| 181 $ctxt$2rdacontent 182 $cc$2rdamedia 183 $acr$2rdacarrier 200 10$aBollettino / Societa? Filosofica Italiana$erivista quadrimestrale 210 31$aRoma$cBonanno Ed.$d[1975?]- 215 $aOnline-Ressource 300 $aGesehen am 05.02.2024 311 08$a1129-5643 608 $aZeitschrift$2gnd-content 676 $a100 686 $a5,1$2ssgn 801 0$b0355 801 1$bDE-101 801 2$b9999 906 $aJOURNAL 912 $a9910291237803321 996 $aBollettino$9105014 997 $aUNINA